The Sims™ 3 Neighborhoods/Worlds - Statistics

General Stats
  • This quiz has been taken 93 times
  • The average score is 15 of 23
Answer Stats
Answers % Correct
Sunset Valley
92%
Twinbrook
85%
Appaloosa Plains
83%
Isla Paradiso
80%
Riverview
76%
Moonlight Falls
71%
Sunlit Tides
71%
Hidden Springs
70%
Midnight Hollow
67%
Starlight Shores
67%
Dragon Valley
65%
Lucky Palms
65%
Al Simhara
64%
Barnacle Bay
64%
Monte Vista
64%
Aurora Skies
62%
Roaring Heights
62%
Lunar Lakes
61%
Shang Simla
61%
Champs Les Sims
58%
Oasis Landing
58%
Sims University
58%
Bridegport
45%
No matching quizzes found
Score Distribution
Percent of People with Each Score
Percentile by Number Answered
Your Score History
You have not taken this quiz